Nehnuteľnosti

Z obsahu: Stavebná hodnota nového priemerného trojizbového bytu na Slovensku je zhruba milión korún. Ceny pozemkov sú odstupňované podľa lokality.

Guardado en:
Detalles Bibliográficos
Autor principal: Zverková, Daniela
Formato: Libro
Lenguaje:eslovaco
Materias:
Etiquetas: Agregar Etiqueta
Sin Etiquetas, Sea el primero en etiquetar este registro!

MARC

LEADER 00000nam a2200000 4500
001 r030272
005 20230921083420.5
041 0 |a slo 
044 |a SK 
245 1 0 |a Nehnuteľnosti  |c Daniela Zverková 
520 |a Z obsahu: Stavebná hodnota nového priemerného trojizbového bytu na Slovensku je zhruba milión korún. Ceny pozemkov sú odstupňované podľa lokality. 
610 2 0 |a byty 
610 2 0 |a ceny 
610 2 0 |a pozemky 
610 2 0 |a lokalizácia 
610 2 0 |a Slovensko 
610 2 0 |a hodnota nehnuteľností 
100 1 |a Zverková, Daniela